00503nam a2200241Ia 450000500170000000800460001702000150006303700070007804000080008504000080009304000080010104100080010904100080011708400170012508400080014210000280015024500120017824500280019026000110021826000150022926000090024430000080025320260401122338.0008 250103s9999 xx 000 0 eng d a8189040022 aTB aEDL beng cEDL 2eng aeng a891.4533 ROY qEDL aRoy, Satchidananda Raut 0aStories 0cRoy, Satchidananda Raut aOrissa bGrassroots c2003 a51p